| 000 | 02301cam a2200409 i 4500 | ||
|---|---|---|---|
| 001 | 768714001 | ||
| 003 | CO-MdFUSB | ||
| 005 | 20220625062549.0 | ||
| 007 | ta | ||
| 008 | 990826t2000 miu b 001 0 eng | ||
| 020 | _a0802843727 | ||
| 040 |
_aDLC _beng _cCO-MdFUSB _dOrLoB-B _erda |
||
| 041 | _aeng | ||
| 082 |
_223 _a296.09014 _bC712 |
||
| 100 | 1 |
_aCollins, John J. _d1946- _eautor |
|
| 245 | 1 | 0 |
_aBetween Athens and Jerusalem : _bJewish identity in the Hellenistic diaspora / _cJohn J. Collins. |
| 250 | _asegunda edición | ||
| 264 | 1 |
_aGrand Rapids, MI : _bWilliam B. Eerdmans Pub., _c[2000] |
|
| 264 | 4 | _c© 2000 | |
| 300 |
_a327 páginas ; _c24 cm. |
||
| 336 |
_atexto _btxt _2rdacontent. |
||
| 337 |
_asin mediación _bn _2rdamedia. |
||
| 338 |
_avolumen _bnc _2rdacarrier. |
||
| 490 | _aThe Biblical resource series. | ||
| 504 | _aIncluye referencias bibliográficas (páginas 276-302) e índices. | ||
| 505 | _aEscenario de la diáspora. -- Percepciones gentiles del judaísmo. -- Apologética judía. -- Judaísmo helenístico y Judea. --Restricciones de la tradición -- Relaciones con el entorno gentil -- Perspectiva -- Identidad nacional y política - Usos del pasado -- Religión y política: la era ptolemaica -- Religión y política: el período romano -- Ética común. -- Judaísmo filosófico. -- Misterios de Dios. -- Judíos y gentiles. | ||
| 520 | _a "Una de las colisiones más creativas y consecuentes en la cultura occidental implicó el encuentro del judaísmo con el helenismo. En este estudio de los judíos que vivían en el Egipto helenístico, "entre Atenas y Jerusalén", John J. Collins examina la literatura helenística de Jerusalén, tratando no solo las preguntas introductorias de fecha, autoría y procedencia, sino también la cuestión más amplia de la identidad judía en el mundo grecorromano. Publicado por primera vez en 1984, este estudio ahora se revisa y actualiza para tener en cuenta lo mejor de la erudición reciente. | ||
| 563 | _aRústico | ||
| 650 | 7 |
_aJudaísmo _2 _96881 |
|
| 650 | 7 |
_aJudaísmo _xHistoria _2 _96884 |
|
| 650 | 7 |
_aJudaísmo _xCostumbres y prácticas _2 _96882 |
|
| 653 | _aLiteratura helenistíca. | ||
| 653 | _aJudaísmo helenistíco. | ||
| 942 | _cBK | ||
| 945 | _aJTF-925 | ||
| 999 |
_c67572 _d67572 |
||